000 00692nam a2200217Ii 4500
003 JO-AjNU
008 230605s9999||||xx |||||||||||||| ||und||
017 _a1995/2/115
040 _aJO-AjNU
_bara
_erda
_cJO-AjNU
041 _aara
050 1 4 _aSB731 1995
100 3 _aابوبلان ، حفظي احمد واخرون,
_eauthor
_938014
245 0 0 _aامراض النبات العملي
250 _aط2
264 3 1 _aالجامعة الاردنية:مركز الخدمات الطلابية ، 1995
300 _a183ص
336 _atext
_btxt
_2rdacontent
337 _aunmediated
_bn
_2rdamedia
338 _avolume
_bnc
_2rdacarrier
650 4 _aالنبات-امراض
_938015
999 _aA15935
_c19503
_d19503